Logo Biblioteca

El Aleph / (Registro nro. 1053)

Detalles MARC
000 -LEADER
fixed length control field 01676nam a22002537a 4500
003 - CONTROL NUMBER IDENTIFIER
control field AR-RoUNCS
005 - DATE AND TIME OF LATEST TRANSACTION
control field 20260622172921.0
007 - PHYSICAL DESCRIPTION FIXED FIELD--GENERAL INFORMATION
fixed length control field ta
008 - FIXED-LENGTH DATA ELEMENTS--GENERAL INFORMATION
fixed length control field 260622s2000 sp |||||r|||| 00| 1 spa d
020 ## - INTERNATIONAL STANDARD BOOK NUMBER
International Standard Book Number 8495594110
040 ## - CATALOGING SOURCE
Original cataloging agency AR-RoUNCS
Transcribing agency AR-RoUNCS
Language of cataloging spa
041 ## - LANGUAGE CODE
Language code of text/sound track or separate title spa
080 ## - UNIVERSAL DECIMAL CLASSIFICATION NUMBER
Authority record control number or standard number 84-32(82)
100 ## - MAIN ENTRY--PERSONAL NAME
Personal name Borges, Jorge Luis
Dates associated with a name 1899-1986
245 13 - TITLE STATEMENT
Title El Aleph /
Statement of responsibility, etc. Jorge Luis Borges.
260 ## - PUBLICATION, DISTRIBUTION, ETC.
Place of publication, distribution, etc. Barcelona :
Name of publisher, distributor, etc. Sol,
Date of publication, distribution, etc. c2000.
300 ## - PHYSICAL DESCRIPTION
Extent 140 p. ;
Dimensions 22 cm.
490 0# - SERIES STATEMENT
Series statement Biblioteca de la Literatura Universal ;
Volume/sequential designation 17
505 ## - FORMATTED CONTENTS NOTE
Formatted contents note El inmortal -- El muerto -- Los teólogos -- Historia del guerrero y de la cautiva -- Biografía de Tadeo Isidoro Cruz (1829-1874) -- Emma Zunz -- La casa de Asterión -- La otra muerte -- Deutsches Requiem -- La busca de Averroes -- El Zahir -- La escritura del dios -- Abenjacán el Bojarí, muerto en su laberinto -- Los dos reyes y los dos laberintos -- La espera -- El hombre en el umbral -- El Aleph -- Epílogo.-
520 ## - SUMMARY, ETC.
Summary, etc. La mayoría de los cuentos reunidos en este libro pertenecen al genero fantástico. Algunos surgieron a partir de crónicas policiales, de pinturas o simplemente de la visión de algún conventillo, otro explora el efecto de la inmortalidad causaría en los hombres, hay una glosa al Martin Fierro, sueños sobre la identidad personal y fantasías del tiempo. El cuento "El Aleph", publicado por primera vez en 1945, aborda uno de los temas recurrentes en la literatura de Borges: el infinito. Porque en esa esfera resplandeciente confluyen de un modo asombroso todos los tiempos y todos los espacios.
650 #7 - SUBJECT ADDED ENTRY--TOPICAL TERM
Topical term or geographic name entry element Literatura argentina
Source of heading or term embne
655 #7 - INDEX TERM--GENRE/FORM
Source of term embne
Genre/form data or focus term Cuentos
942 ## - ADDED ENTRY ELEMENTS (KOHA)
Source of classification or shelving scheme Universal Decimal Classification
Koha item type Obra General
Suppress in OPAC No
Existencias
Withdrawn status Lost status Source of classification or shelving scheme Damaged status Not for loan Collection Home library Current library Date acquired Source of acquisition Total checkouts Full call number Barcode Date last seen Price effective from Koha item type
    Universal Decimal Classification     Colección General Biblioteca Escuela de Ciencias Sociales Biblioteca Escuela de Ciencias Sociales 22/06/2026 Donación 2026   82-32(82) B732 001534 22/06/2026 22/06/2026 Obra General
Biblioteca de la Escuela Preuniversitaria en Ciencias Sociales y Humanísticas.
Riobamba 250 bis.
CP 2000 - Rosario - Santa Fe
E-Mail: biblioteca@esociales.unr.edu.ar